The saga of Hugh Glass : pirate, pawnee, and mountain man /

Bibliographic Details
Main Author: Myers, John Myers, 1906-1988
Format: Book
Language:English
Published: Lincoln : University of Nebraska Press, [1976?]
Subjects:

MARC

Tag First Indicator Second Indicator Subfields
LEADER 00000pam a2200000 i 4500
001 in00000488113
005 20180324063119.0
008 751104r1976 nbu b 00010beng
010 |a  75038613  
020 |z 0803208677. 
020 |a 0803258348 (pbk. )  |c $3.25 
035 |a (OCoLC)01958235 
035 |9 ACB7466AM 
040 |a DLC  |c DLC  |d TXA  |d UtOrBLW 
049 |a TXAM  |c [439622] 
050 1 0 |a F592.G55  |b M9 1976 
082 0 |a 978/.02/0924  |a B 
100 1 |a Myers, John Myers,  |d 1906-1988. 
240 1 0 |a Pirate, pawnee, and mountain man 
245 1 4 |a The saga of Hugh Glass :  |b pirate, pawnee, and mountain man /  |c by John Myers Myers. 
264 1 |a Lincoln :  |b University of Nebraska Press,  |c [1976?] 
264 4 |c ©1963 
300 |a 237 pages ;  |c 21 cm. 
336 |a text  |b txt  |2 rdacontent 
337 |a unmediated  |b n  |2 rdamedia 
338 |a volume  |b nc  |2 rdacarrier 
500 |a "A Bison book." 
500 |a Reprint of the edition published by Little, Brown, Boston under title: Pirate, pawnee, and mountain man. 
504 |a Bibliography: pages 233-237. 
600 1 0 |a Glass, Hugh,  |d approximately 1780-approximately 1833. 
999 |a MARS 
999 f f |s 356a8a79-fcff-3688-87cd-c5ef0dcd9417  |i 3e063532-3637-3746-a19f-eff4d5f3ddcb  |t 0 
952 f f |p normal  |a Texas A&M University  |b College Station  |c Sterling C. Evans Library  |d Evans: Library Stacks  |t 0  |e F592.G55 M9 1976  |h Library of Congress classification  |i unmediated -- volume  |m A14802307900 
998 f f |a F592.G55 M9 1976  |t 0  |l Evans: Library Stacks